DISC RECORDING AND REPRODUCTION (Record no. 567002)

000 -LEADER
fixed length control field 00253nam a22001097a 4500
082 ## - DEWEY DECIMAL CLASSIFICATION NUMBER
Classification number 621.38932 GUY'D
100 ## - MAIN ENTRY--PERSONAL NAME
Personal name GUY, P. J
9 (RLIN) 56628
245 ## - TITLE STATEMENT
Title DISC RECORDING AND REPRODUCTION
260 ## - PUBLICATION, DISTRIBUTION, ETC.
Place of publication, distribution, etc. NEWYORK
Name of publisher, distributor, etc. FOCAL PRESS
Date of publication, distribution, etc. 1964
300 ## - PHYSICAL DESCRIPTION
Extent 232P
942 ## - ADDED ENTRY ELEMENTS (KOHA)
Koha item type Book
Holdings
Withdrawn status Lost status Damaged status Not for loan Permanent Location Current Location Shelving location Date acquired Total Checkouts Full call number Barcode Date last seen Price effective from Koha item type
        College of Electrical & Mechanical Engineering (CEME) College of Electrical & Mechanical Engineering (CEME) General Stacks 07/12/2017   621.38932 GUY'D CEME-4648 06/28/2021 06/28/2021 Book
© 2023 Central Library, National University of Sciences and Technology. All Rights Reserved.